00265nam a2200109Ia 4500008004100000100001600041245003000057250000800087260003400095300000800129650001800137191201s2004 xx 000 0 und d aBILLY, Grey 0aLetters for All Occasions a1st aN.DelhibPantagon Pressc2004 a208 aGeneral Books